000
00327nam a22001457a 4500
008
181122b xxu||||| |||| 00| 0 eng d
020
_a
0874880084
041
_a
eng
080
_2
2 nd
_a
618
082
_a
618
100
_a
10
101
_a
GJIN
245
_a
Endocrinology case studies
_c
Mazzaferri.E.L
942
_2
udc
_c
BK
999
_c
52357
_d
52357